Statistiques concernant Bruxelles - Culture générale

Cliquez ici pour prendre le quiz!

Statistiques générales

  • Ce quiz a été pris 4 925 fois
    (4 704 depuis la dernière actualisation)
  • Le résultat moyen est 13 sur 24

Statistiques - réponses

InformationRéponse% Correct
Légume détesté des enfants (il paraît){Chou} de Bruxelles
90%
Organisation militaire internationale aussi basée iciOTAN
83%
Organisation politique européenne dont elle est la "capitale"Union Européenne
82%
Littéralement "Le petit homme qui pisse"Manneken-Pis
80%
Monument en acier représentant des atomes liésAtomium
74%
Grande région belge dans laquelle Bruxelles-Capitale est enclavéeFlandre
74%
Personnage journaliste crée par cet auteurTintin
64%
Une des communes de la région Bruxelles-Capitale en -beekEtterbeek / Molenbeek / Schaerbeek
62%
Chanteuse né à Uccle qui a sorti Bruxelles, je t'aime en 2021Angèle
61%
Nom de la ville dans la langue de cette régionBrussel
61%
Pâtisserie dont le style s'oppose à la dite "liégeoise"Gaufre
60%
Événement pour lequel ce monument fut érigéExposition universelle (1958)
59%
Ce train relie Bruxelles à Paris en un peu plus d'1 heureThalys
59%
Auteur de BD dans le "Petit Vingtième"Hergé
55%
Club de football le plus titré de BelgiqueRSC Anderlecht
54%
Parolier belge qui danse la valse à mille tempsJacques Brel
51%
Riche place où se trouve l’hôtel de villeGrand-Place
49%
Deuxième roi des belges, de nombreux monuments lui sont consacréLéopold II
48%
Peintre surréaliste au chapeau melonRené Magritte
41%
Romancière aux chapeaux singuliers, Hygiène de l'assassin, Stupeur et Tremblements...Amélie Nothomb
31%
Rivière qui traverse la ville (son nom rappelle Paris...)Senne
28%
Empereur Habsbourg et d'Espagne qui y abdiquaCharles Quint
25%
Ce qu'on utilise pour jouer au Théâtre Royale de TooneMarionnettes
17%
Bière de la région utilisée pour faire de la Kriek par exempleLambic
14%

Distribution des résultats

Percentile par nombre de réponses

% des personnes avec chaque résultat

Votre développement - résultats

Vous n’avez pas pris ce quiz depuis la dernière actualisation